Zdokonaľovanie riadenia technickej normalizácie v podniku s využitím výpočtovej techniky záverečná práca postgraduálneho štúdia

Enregistré dans:
Détails bibliographiques
Auteur principal: Čukan, Drahoslav
Collectivité auteur: Vysoká škola ekonomická v Bratislave
Autres auteurs: Bulák, Ľubor
Format: Livre
Langue:slovaque
Publié: Bratislava 1989
Tags: Ajouter un tag
Pas de tags, Soyez le premier à ajouter un tag!

MARC

LEADER 00000nam a2200000 4500
001 c027011
005 20221215072037.8
041 0 |a slo 
044 |a SK 
245 1 0 |a Zdokonaľovanie riadenia technickej normalizácie v podniku s využitím výpočtovej techniky  |b záverečná práca postgraduálneho štúdia  |c Drahoslav Čukan ; Ved. práce Ľubor Bulák 
264 1 |a Bratislava  |c 1989 
300 |a 70 s. 
100 1 |a Čukan, Drahoslav 
700 1 |a Bulák, Ľubor 
710 2 |a Vysoká škola ekonomická v Bratislave